000 00537nam 22001813 4500
001 199899
090 _a199899
100 _a20260114d u||y0pory50 ba
200 _aA extraordinária odisseia de Corentin
_fPaul Cuvelier
_gtradução de Marília Alves
210 _aAmadora
_cLivraria Bertrand
_dimp.1981
215 _a66 p.
_cil. ; encadernado
_d29 cm
606 _91586
_aDesenho Artístico
610 _aBanda desenhada
675 _a74
_vPT
_zpor
700 _915724
_aCuvelier
_bPaul
801 _aPT
_bBMMN
_gRPC
830 _cisabel
990 _cLIVROS